|
|
|
|
| LEADER |
02573nam a22005415i 4500 |
| 001 |
978-3-319-43814-6 |
| 003 |
DE-He213 |
| 005 |
20160921141356.0 |
| 007 |
cr nn 008mamaa |
| 008 |
160921s2016 gw | s |||| 0|eng d |
| 020 |
|
|
|a 9783319438146
|9 978-3-319-43814-6
|
| 024 |
7 |
|
|a 10.1007/978-3-319-43814-6
|2 doi
|
| 040 |
|
|
|d GrThAP
|
| 050 |
|
4 |
|a QP34-38
|
| 072 |
|
7 |
|a MFG
|2 bicssc
|
| 072 |
|
7 |
|a MED075000
|2 bisacsh
|
| 082 |
0 |
4 |
|a 612
|2 23
|
| 245 |
1 |
0 |
|a Reviews of Physiology, Biochemistry and Pharmacology, Vol. 171
|h [electronic resource] /
|c edited by Bernd Nilius, Pieter de Tombe, Thomas Gudermann, Reinhard Jahn, Roland Lill, Ole H. Petersen.
|
| 264 |
|
1 |
|a Cham :
|b Springer International Publishing :
|b Imprint: Springer,
|c 2016.
|
| 300 |
|
|
|a V, 136 p. 35 illus., 23 illus. in color.
|b online resource.
|
| 336 |
|
|
|a text
|b txt
|2 rdacontent
|
| 337 |
|
|
|a computer
|b c
|2 rdamedia
|
| 338 |
|
|
|a online resource
|b cr
|2 rdacarrier
|
| 347 |
|
|
|a text file
|b PDF
|2 rda
|
| 490 |
1 |
|
|a Reviews of Physiology, Biochemistry and Pharmacology,
|x 0303-4240 ;
|v 171
|
| 505 |
0 |
|
|a Curcurmin as a microRNA regulator in cancer: A review -- Functional impact of ryanodine receptor oxidation on intracellular calcium regulation in the heart -- Electromagnetic fields and stem cell fate: When physics meets biology -- The zebrafish heart as a model of mammalian cardiac function.
|
| 520 |
|
|
|a Leading researchers are specially invited to provide a complete understanding of a key topic within the multidisciplinary fields of physiology, biochemistry and pharmacology. In a form immediately useful to scientists, this periodical aims to filter, highlight and review the latest developments in these rapidly advancing fields.
|
| 650 |
|
0 |
|a Medicine.
|
| 650 |
|
0 |
|a Cancer research.
|
| 650 |
|
0 |
|a Human physiology.
|
| 650 |
|
0 |
|a Cardiology.
|
| 650 |
1 |
4 |
|a Biomedicine.
|
| 650 |
2 |
4 |
|a Human Physiology.
|
| 650 |
2 |
4 |
|a Cancer Research.
|
| 650 |
2 |
4 |
|a Cardiology.
|
| 700 |
1 |
|
|a Nilius, Bernd.
|e editor.
|
| 700 |
1 |
|
|a de Tombe, Pieter.
|e editor.
|
| 700 |
1 |
|
|a Gudermann, Thomas.
|e editor.
|
| 700 |
1 |
|
|a Jahn, Reinhard.
|e editor.
|
| 700 |
1 |
|
|a Lill, Roland.
|e editor.
|
| 700 |
1 |
|
|a Petersen, Ole H.
|e editor.
|
| 710 |
2 |
|
|a SpringerLink (Online service)
|
| 773 |
0 |
|
|t Springer eBooks
|
| 776 |
0 |
8 |
|i Printed edition:
|z 9783319438139
|
| 830 |
|
0 |
|a Reviews of Physiology, Biochemistry and Pharmacology,
|x 0303-4240 ;
|v 171
|
| 856 |
4 |
0 |
|u http://dx.doi.org/10.1007/978-3-319-43814-6
|z Full Text via HEAL-Link
|
| 912 |
|
|
|a ZDB-2-SBL
|
| 950 |
|
|
|a Biomedical and Life Sciences (Springer-11642)
|